Week 1: Chinese Words - Statistics

General Stats
  • This quiz has been taken 11 times
  • The average score is 4 of 20
Answer Stats
Definition Vocab Word % Correct
suddenly 突然/túrán
60%
boring 无聊/wúliáo
60%
download 下载/xiàzài
60%
interview 采访/cǎifǎng/面试/miànshì
40%
audience 观众/guānzhòng
40%
software, application 软件/ruǎnjiàn
40%
motivation 动机/dòngjī
20%
estimate, guess 估计/gūjì
20%
continue 继续/jìxù
20%
delete 删掉/shān diào
20%
rude, rough 粗暴/cūbào
0%
interrupt 打断/dǎ duàn
0%
deliberately 刻意/kèyì
0%
impressive 厉害/lìhài
0%
timber 木料/mùliào
0%
HSK test 1 水平考试一/shuǐpíng kǎoshì yī
0%
frightened 吓到/xià dào
0%
a bunch of stuff 一坨东西/yī tuó dōngxī
0%
language partner 语伴/yǔ bàn
0%
and the like 之类/zhī lèi
0%
No matching quizzes found
Score Distribution
Percent of People with Each Score
Percentile by Number Answered
Your Score History
You have not taken this quiz